Underwood and Holt`s professional negligence (Record no. 87701)

MARC details
000 -LEADER
fixed length control field 00538cam a2200217 4500
001 - CONTROL NUMBER
control field D9431
008 - FIXED-LENGTH DATA ELEMENTS--GENERAL INFORMATION
fixed length control field 090401t1985 xxu||||| |||| 00| 0 eng d
035 ## - SYSTEM CONTROL NUMBER
System control number (Sirsi) u19707
041 ## - LANGUAGE CODE
Language code of text/sound track or separate title eng
050 ## - LIBRARY OF CONGRESS CALL NUMBER
Classification number 346.41032
100 ## - MAIN ENTRY--PERSONAL NAME
Personal name Underwood, Ashley
245 ## - TITLE STATEMENT
Title Underwood and Holt`s professional negligence
250 ## - EDITION STATEMENT
Edition statement 2nd
260 ## - PUBLICATION, DISTRIBUTION, ETC.
Place of publication, distribution, etc. London
Name of publisher, distributor, etc. Fourmat Publishing
Date of publication, distribution, etc. 1985
300 ## - PHYSICAL DESCRIPTION
Extent xix. 136p. 22cm
350 ## - PRICE (NR) (BK AM CF MU VM SE) [OBSOLETE]
Price 5.5
700 ## - ADDED ENTRY--PERSONAL NAME
Personal name Harrop-Griffiths, Hilton
700 ## - ADDED ENTRY--PERSONAL NAME
Personal name Bennington, Jane
942 ## - ADDED ENTRY ELEMENTS (KOHA)
Suppress in OPAC 0
948 ## - LOCAL PROCESSING INFORMATION (OCLC); SERIES PART DESIGNATOR (RLIN)
c (OCLC) 04/03/1997
Holdings
Withdrawn status Lost status Source of classification or shelving scheme Damaged status Not for loan Home library Current library Shelving location Date acquired Cost, normal purchase price Total Checkouts Full call number Barcode Date last seen Date last checked out Copy number Cost, replacement price Price effective from Koha item type
    Dewey Decimal Classification     London London Basement 14/09/1999 5.50 5 BASEMENT 30006560 06/08/2019 31/01/2003 1 5.50 06/08/2019 Book